Journalism for democracy / (Record no. 114276)
[ view plain ]
| 000 -LEADER | |
|---|---|
| campo de control de longitud fija | 03394cam a22004217a 4500 |
| 003 - IDENTIFICADOR DE NÚMERO DE CONTROL | |
| campo de control | BJBSDDR |
| 005 - FECHA Y HORA DE LA ÚLTIMA TRANSACCIÓN | |
| campo de control | 20230411090647.0 |
| 007 - CAMPO FIJO DE DESCRIPCIÓN FÍSICA--INFORMACIÓN GENERAL | |
| campo de control de longitud fija | ta |
| 008 - DATOS DE LONGITUD FIJA--INFORMACIÓN GENERAL | |
| campo de control de longitud fija | 110817s2010 enk b 001 0 eng d |
| 020 ## - NÚMERO INTERNACIONAL ESTÁNDAR DEL LIBRO | |
| Número Internacional Estándar del Libro | 0745644732 (pbk.) |
| 020 ## - NÚMERO INTERNACIONAL ESTÁNDAR DEL LIBRO | |
| Número Internacional Estándar del Libro | 9780745644738 (pbk.) |
| 020 ## - NÚMERO INTERNACIONAL ESTÁNDAR DEL LIBRO | |
| Número Internacional Estándar del Libro | 9780745644721 (hbk.) |
| 020 ## - NÚMERO INTERNACIONAL ESTÁNDAR DEL LIBRO | |
| Número Internacional Estándar del Libro | 0745644724 (hbk.) |
| 035 ## - NÚMERO DE CONTROL DEL SISTEMA | |
| Número de control de sistema | (OCoLC)ocn645701807 |
| 040 ## - FUENTE DE CATALOGACIÓN | |
| Centro catalogador/agencia de origen | UKM |
| Centro/agencia transcriptor | UKM |
| Lengua de catalogación | spa |
| 041 1# - CÓDIGO DE IDIOMA | |
| Código de lengua del texto/banda sonora o título independiente | eng |
| Código de lengua original | fre |
| 042 ## - CÓDIGO DE AUTENTICACIÓN | |
| Código de autenticación | lccopycat |
| 050 14 - SIGNATURA TOPOGRÁFICA DE LA BIBLIOTECA DEL CONGRESO | |
| Número de clasificación | PN 4751 |
| Número de ítem | M952j 2010 |
| 082 00 - NÚMERO DE LA CLASIFICACIÓN DECIMAL DEWEY | |
| Número de clasificación | 070.4 |
| 100 1# - ENTRADA PRINCIPAL--NOMBRE DE PERSONA | |
| Nombre de persona | Muhlmann, Géraldine, |
| Fechas asociadas al nombre | 1972- |
| 240 10 - TÍTULO UNIFORME | |
| Título uniforme | Du journalisme en démocratie. |
| Lenguaje de la obra | English |
| 245 10 - MENCIÓN DEL TÍTULO | |
| Título | Journalism for democracy / |
| Mención de responsabilidad, etc. | Geraldine Muhlmann ; translated by Jean Birrell. |
| 250 ## - MENCION DE EDICION | |
| Mención de edición | English ed. |
| 260 ## - PUBLICACIÓN, DISTRIBUCIÓN, ETC. | |
| Lugar de publicación, distribución, etc. | Cambridge, UK ; |
| -- | Malden, MA, USA : |
| Nombre del editor, distribuidor, etc. | Polity, |
| Fecha de publicación, distribución, etc. | 2010. |
| 300 ## - DESCRIPCIÓN FÍSICA | |
| Extensión | viii, 270 p. ; |
| Dimensiones | 23 cm. |
| 500 ## - NOTA GENERAL | |
| Nota general | First published in French as: Du journalisme en démocratie. Paris : Payot, 2004. |
| 504 ## - NOTA DE BIBLIOGRAFÍA, ETC. | |
| Nota de bibliografía, etc. | Includes bibliographical references (p. [253]-263) and index. |
| 505 ## - NOTA DE CONTENIDO CON FORMATO | |
| Nota de contenido con formato | Introduction. Chapter 1. Critiquing journalism: a difficult exercise. 1. The public: hostage to journalists. 2. Journalists: hostages to the public. 3. Two poles, two risks. What next? Chapter 2. The notion of 'public', and what can be expected of it. 1. The premises of the notion of 'public': liberal England in the seventeenth century. 2. Kant and the principle of publicity (Offentlichkeit). 3. French Enlightenment and American Enlightenment. 4. The denunciation of the naiveties of the notion of 'public': the problem of the domination of the 'homogenous' in democracy. Chapter 3. A first ideal-critique: the journalist-flaneur. 1. Varying the gaze. 2. An ambiguous and frustrating ideal. 3. Fruitless exasperation: Karl Kraus as a modern Sisyphus. Chapter 4. A second ideal-critique: the journalist-at-war. 1. The journalism of the young Karl Marx (1842-43). 2. The crisis of 1843: towards a radical critique of public space. 3. Journalism, an ongoing problem: Marx as journalist-at-war. Chapter 5. A third ideal-critique: journalism as a 'conflictual unifying' of the democratic community. 1. Gabriel Tarde and an answer to Gustave Le Bon. 2. The sociologists of Chicago (R. E. Park, H. M. Hughes) faced with the reality of an 'integrating' journalist. 3. The risk of myth. 4. Towards a 'conflictual unifying'. Two journalistic acts. Chapter 6. The limits inherent to the figure of the 'spectator', and what they tell us about democracy. 1. The journalism of decentring as the search for the limits of 'seeing'. 2. The Sartrean critique of the position of the spectator. 3. From the gaze to listening. Jean Hatzfeld on the Rwandan genocide. Epilogue. |
| 520 ## - RESUMEN, ETC. | |
| Sumario, etc. | * Muhlmann is highly regarded as one of the outstanding young scholars of journalism and political communication. * Polity recently published A Political History of Journalism by the same author. This book is designed as a companion volume; it focuses on the relation of journalism to democracy. |
| 546 ## - NOTA DE IDIOMA | |
| Nota de lengua/lenguaje | Translated from the French. |
| 650 #4 - PUNTO DE ACCESO ADICIONAL DE MATERIA--TÉRMINO DE MATERIA | |
| Término de materia o nombre geográfico como elemento de entrada | Periodismo |
| 9 (RLIN) | 1333 |
| 650 #4 - PUNTO DE ACCESO ADICIONAL DE MATERIA--TÉRMINO DE MATERIA | |
| Término de materia o nombre geográfico como elemento de entrada | Periodismo |
| 9 (RLIN) | 1392 |
| Subdivisión general | Aspectos políticos |
| 650 #4 - PUNTO DE ACCESO ADICIONAL DE MATERIA--TÉRMINO DE MATERIA | |
| Término de materia o nombre geográfico como elemento de entrada | Democracia |
| 9 (RLIN) | 411 |
| 700 1# - ENTRADA AGREGADA--NOMBRE PERSONAL | |
| 9 (RLIN) | 16471 |
| Nombre de persona | Birrell, Jean |
| Término indicativo de función/relación | traductora |
| 906 ## - ELEMENTOS DE DATOS F LOCAL, LDF (RLIN) | |
| a | 7 |
| b | cbc |
| c | copycat |
| d | 2 |
| e | ncip |
| f | 20 |
| g | y-gencatlg |
| 942 ## - ELEMENTOS DE ENTRADA SECUNDARIOS (KOHA) | |
| Fuente del sistema de clasificación o colocación | Clasificación de Library of Congress |
| Tipo de ítem Koha | Libro |
| Estatus retirado | Estado de pérdida | Estado de daño | No para préstamo | Colección | Biblioteca de origen | Biblioteca actual | Ubicación en estantería | Fecha de adquisición | Signatura topográfica completa | Código de barras | Visto por última vez | Copia número | Tipo de ítem Koha |
|---|---|---|---|---|---|---|---|---|---|---|---|---|---|
| Humanidades | Biblioteca Juan Bosch | Biblioteca Juan Bosch | Humanidades (4to. Piso) | 21/05/2020 | PN 4751 M952j 2010 | 00000143941 | 21/05/2020 | 1 | Libro |
